000 00674nam a2200241Ia 4500
003 OSt
005 20220930184526.0
006 a|||||r|||| 00| 0
007 ta
008 220926b |||||||| |||| 00| 0 eng d
024 _a87318
037 _cTextbook
040 _aCRL
_cCRL
_beng
041 _2eng
_aeng
082 _aO13,2C54:g(S:521), 111K8
100 _aSegal Erich
245 0 _aRoman laughter
_b the comedy of plautus
260 _aCambridge
_bHarvard University Press USa
_c1968
300 _a229p.
_ccm.
650 _aENGLISH LITERATURE
942 _hO13,2C54:g(S:521), 111K8
_cTB
_2CC
999 _c888673
_d888673